01191 a2200193 4500003000500000005001700005040000900022082001600031100002500047245009500072260005000167300001600217505044800233650002200681942002500703999001900728952012500747952012500872NUST20221205162240.0 cNust a150.947,PRE aO'connor,Neil937564 aPresent- Day Russian psychology :bA symposium by seven author /cEditor by Neil O' Connor aIslamabadbNational Book Foundation Islc1965 axv,198 p .: aAttention Consciousness and Voluntary Control of Behavior in Society Psychology : Philosophical Roots and Research Branches (Page-1), Psychotherapy in the Soviet union (Page-39), Some Statistical and Cybernetic Models in Recent Soviet Psychology (Page-63), Abnormal Psychology in the U.S.S.R. (Page-92), Soviet Psycholinguistics (Page-109), Studies on the Mental Development of the Child (Page-152), Contemporary soviet Psychology (Page-178). aPsycholoy9104162 2ddccBKk150.947,PRE c176886d176886 00102ddc4070aMCSbMCScGENd2016-12-12o150.947,PREpMCS34359r2016-12-08w2016-12-12yBKzAlmirah No.73, Shelf No.1 00102ddc4070aMCSbMCScGENd2016-12-12o150.947,PREpMCS34360r2016-12-08w2016-12-12yBKzAlmirah No.46, Shelf No.4